000 01044nam0a22002531 4500
001 rc\954985
005 20041129100257.1
035 _a(NLR Aleph) 006125964
090 _a5510736
_c5510736
100 _a20041129d1982 u |0rusy50 ca
101 0 _arus
102 _aRU
105 _aa |||||||||
200 1 _aПриборы и устройства систем управления и контроля
_eМежвуз. сб. науч. тр.
_fКазахский политехнический ин-т им. В.И. Ленина
_g[Редкол.: Бектыбаев Т.К. (отв. ред.) и др.]
210 _aАлма-Ата
_cКазПТИ
_d1982
215 _a122 с.
_cил.
_d21
320 _aБиблиогр. в конце работ
702 1 _aБектыбаев
_bТ. К.
_4340
712 0 2 _aКазахский политехнический ин-т им. В.И.Ленина
_cАлма-Ата
_3RU\NLR\AUTH\889921273
801 0 _aRU
_bNLR
_gpsbo
801 1 _aRU
_bELAR
_2rusmarc
852 _aNLR
_j82-3/8064
942 _cBOOK
980 _aNB